Normal view
MARC view
Entry Topical Term
001 - CONTROL NUMBER
- control field: 4656
003 - CONTROL NUMBER IDENTIFIER
- control field: BD-RjUL
005 - DATE AND TIME OF LATEST TRANSACTION
- control field: 20220906100359.0
008 - FIXED-LENGTH DATA ELEMENTS
- fixed length control field: 220906|| aca||aabn | a|a d
040 ## - CATALOGING SOURCE
- Original cataloging agency: BD-RjUL
- Transcribing agency: BD-RjUL
150 ## - HEADING--TOPICAL TERM
- Topical term or geographic name entry element: Islam Doctrines
670 ## - SOURCE DATA FOUND
- Source citation: Work cat.: (BD-RjUL)80308: دهلوي, نذير احمد خان # # Dehlavi Nazir Ahmed Khan 4655, توبة النصوح # # tawbat alnusuh /, 1904